ბათუმის შოთა რუსთაველის სახელმწიფო უნივერსიტეტის ბიბლიოთეკა

ბახვაძის დედაბერი (ბიბ.ჩანაწერი № 42596)

000 -LEADER
fixed length control field 00838nam a2200229Ia 4500
001 - CONTROL NUMBER
control field 9299
003 - CONTROL NUMBER IDENTIFIER
control field GE_BSU
008 - FIXED-LENGTH DATA ELEMENTS--GENERAL INFORMATION
fixed length control field 181216s||||||||xx |||||||||||||| ||und||
040 ## - CATALOGING SOURCE
Transcribing agency GE_BSU
080 ## - UNIVERSAL DECIMAL CLASSIFICATION NUMBER
Universal Decimal Classification number 821.353.1–32+821.353.1-1
100 ## - MAIN ENTRY--PERSONAL NAME
Personal name ლორია,პარმენ
245 ## - TITLE STATEMENT
Title ბახვაძის დედაბერი
245 ## - TITLE STATEMENT
Remainder of title მოთხრობები,ლექსები
245 ## - TITLE STATEMENT
Statement of responsibility, etc. რედ.ნ.მალაზონია,მხატვ.დ.ჯვარშეიშვილი
260 ## - PUBLICATION, DISTRIBUTION, ETC.
Place of publication, distribution, etc. ბათუმი
260 ## - PUBLICATION, DISTRIBUTION, ETC.
Name of publisher, distributor, etc. აჭარის სახელგამი
260 ## - PUBLICATION, DISTRIBUTION, ETC.
Date of publication, distribution, etc. 1940
300 ## - PHYSICAL DESCRIPTION
Extent 80გვ.ილუსტრ.21სმ.
653 ## - INDEX TERM--UNCONTROLLED
Uncontrolled term ბახვაძის დედაბერი
653 ## - INDEX TERM--UNCONTROLLED
Uncontrolled term მოთხრობები,ლექსები
942 ## - ADDED ENTRY ELEMENTS (KOHA)
Koha item type წიგნი
ეგზემპლარები
Withdrawn status Lost status Damaged status Not for loan Date acquired Barcode Date last seen Price effective from Koha item type
        2018-12-17 32139 2018-12-17 2018-12-17 წიგნი
        2018-12-17 32140 2018-12-17 2018-12-17 წიგნი
        2018-12-17 32141 2018-12-17 2018-12-17 წიგნი
        2018-12-17 32142 2018-12-17 2018-12-17 წიგნი
        2018-12-17 32143 2018-12-17 2018-12-17 წიგნი
        2018-12-17 32144 2018-12-17 2018-12-17 წიგნი
        2018-12-17 32145 2018-12-17 2018-12-17 წიგნი